00648nam a22001935i 450000100060000000300090000600500170001500700030003200800410003504000200007610000470009624500510014326000300019430000280022485200530025294200080030599900170031395201240033053164ES-MaACL20250704062525.0t|950912s1839 fr ||||1| fre d aCAM bspa cCAM1 aDumas, Alexandre, d1802-1870eaut924113513aLe capitaine Pamphile / cpar Alexandre Dumas. aParis : bDumont, c1839. a2 h., 296 p. ; c21 cm. aES-MaACLjG-8357 q. - Ejemplar falto de portada 2udc c53164d53164 001040708LIBXIXaATENEOMbATENEOMcSPP3d2008-01-17eSCl0oG-8357p1055861r2023-02-23 00:00:00w2023-02-23yMONANT